Taxonomic and epidemiological studies on the trichostrongyle nematode, Heligmosomoides polygyrus and other intestinal helminth parasites in mice /
Saved in:
| 主要作者: | |
|---|---|
| 格式: | Thesis 圖書 |
| 語言: | English |
| 出版: |
1998.
|
| 主題: | |
| 標簽: |
添加標簽
沒有標簽, 成為第一個標記此記錄!
|
| LEADER | 00864cam a2200229 a 4500 | ||
|---|---|---|---|
| 001 | u431815 | ||
| 003 | SIRSI | ||
| 008 | 981123s1998 uk v 00 1 eng | ||
| 035 | |a ACG-1323 | ||
| 040 | |a UMM | ||
| 090 | |a QL391 |b N4Sitnmz | ||
| 100 | 0 | 0 | |a Siti Nursheena Mohd. Zain. |
| 245 | 1 | 0 | |a Taxonomic and epidemiological studies on the trichostrongyle nematode, Heligmosomoides polygyrus and other intestinal helminth parasites in mice / |c Siti Nursheena Mohd. Zain. |
| 260 | |c 1998. | ||
| 300 | |a 232 leaves : |b ill. ; |c 29 cm. | ||
| 502 | |a Thesis (Ph.D.) -- School of Biological Sciences, Royal Holloway, University of London 1998. | ||
| 504 | |a Includes bibliographical references. | ||
| 650 | 0 | |a Nematoda. | |
| 650 | 0 | |a Heligmosomatidae | |
| 948 | |a 23/11/1998 |b 13/03/1999 | ||
| 596 | |a 1 | ||
| 999 | |a QL391 N4SITNMZ |w LC |c 1 |i A508645158 |l STACKS |m P01UTAMA |r Y |s Y |t TESIS |u 12/4/1999 | ||
